Billboard 50 Greatest Rappers of All Time - Statistics

General Stats
  • This quiz has been taken 97 times
  • The average score is 21 of 50
Answer Stats
Rank Rapper Song % Correct
2 Kendrick Lamar HUMBLE.
98%
8 Drake God's Plan
94%
5 Eminem Lose Yourself
94%
17 50 Cent In Da Club
93%
1 Jay-Z Empire State of Mind
93%
4 Tupac Shakur California Love
92%
6 The Notorious B.I.G. Juicy
89%
9 Snoop Dogg Drop It Like It's Hot
87%
11 Kanye West Stronger
85%
18 Ice Cube It Was A Good Day
84%
12 André 3000 Hey Ya!
83%
3 Nas N.Y. State of Mind
77%
15 J. Cole No Role Modelz
71%
7 Lil Wayne Lollipop
71%
10 Nicki Minaj Super Bass
70%
35 Future Mask Off
67%
40 Dr. Dre Nuthin' but a 'G' Thang
64%
21 DMX Ruff Ryders' Anthem
48%
30 Lauryn Hill Doo Wop (That Thing)
47%
19 Missy Elliott Work It
37%
14 LL Cool J Mama Said Knock You Out
36%
13 Rakim When I B On Tha Mic
34%
36 Yasiin Bey (Mos Def) Ms. Fat Booty
34%
33 Busta Rhymes Break Ya Neck
31%
34 Chuck D Fight the Power
30%
25 Method Man Da Rockwilder
28%
26 Big Pun Still Not a Player
26%
50 Rick Ross Hustlin'
26%
22 Ghostface Killah Iron Maiden
25%
24 KRS-One Sound of da Police
22%
49 Rev. Run Walk This Way
21%
32 T.I. Whatever You Like
21%
39 Ludacris Area Codes
20%
42 Redman Tonight's Da Night
18%
44 Queen Latifah U.N.I.T.Y.
17%
28 Black Thought You Got Me
15%
37 Common The Light
15%
29 Pusha T Dreamin Of The Past
15%
27 Q-Tip Vivrant Thing
14%
38 Gucci Mane Lemonade
13%
23 Kurtis Blow The Breaks
13%
20 Big Daddy Kane Ain't No Half-Steppin'
11%
45 Ice-T Colors
11%
31 Lil' Kim Crush on You
11%
46 Jadakiss We Gonna Make It
10%
16 Scarface Smile
10%
48 Melle Mel The Message
8%
41 E-40 Tell Me When To Go
6%
43 Bun B Get Throwed
5%
47 MC Lyte Cold Rock a Party
3%
No matching quizzes found
Score Distribution
Percent of People with Each Score
Percentile by Number Answered
Your Score History
You have not taken this quiz